Стратегический менеджмент: учебник

Detaylı Bibliyografya
Yazar: Маленков Ю.А. Юрий Алексеевич
Özet:В учебнике рассмотрены основные понятия, концепции и модели современного стратегического менеджмента, даны инновационные подходы к решению ключевых проблем управления стратегическим развитием. На основе системного подхода изложены методы стратегического анализа и формирования конкурентоспособных стратегий, стратегического прогнозирования и планирования, комплексной оценки эффективности стратегий, обеспечивающие эффективное развитие фирм в условиях глобализации и роста конкуренции. Приведены деловые ситуации стратегического управления российскими фирмами и методология развития стратегического мышления на основе системы активного обучения - «Деловые учения по стратегическому менеджменту». Материал представлен в соответствии с Государственным образовательным стандартом высшего профессионального образования. Для подготовки студентов, магистров, аспирантов, обучающихся по направлению «Стратегический менеджмент», а также руководителей и менеджеров в системе повышения квалификации.
Dil:Rusça
Baskı/Yayın Bilgisi: Москва, Проспект, 2011
Konular:
Materyal Türü: Kitap
KOHA link:https://koha.lib.tpu.ru/cgi-bin/koha/opac-detail.pl?biblionumber=186798

MARC

LEADER 00000nam0a2200000 4500
001 186798
005 20231101224020.0
010 |a 9785392018017 
035 |a (RuTPU)RU\TPU\book\202667 
090 |a 186798 
100 |a 20101102d2011 m y0rusy50 ca 
101 0 |a rus 
102 |a RU 
105 |a a j 001zy 
200 1 |a Стратегический менеджмент  |e учебник  |f Ю.А. Маленков 
210 |a Москва  |c Проспект  |d 2011 
215 |a 224 с.  |c ил. 
320 |a Библиогр.: с. 223-224. 
330 |a В учебнике рассмотрены основные понятия, концепции и модели современного стратегического менеджмента, даны инновационные подходы к решению ключевых проблем управления стратегическим развитием. На основе системного подхода изложены методы стратегического анализа и формирования конкурентоспособных стратегий, стратегического прогнозирования и планирования, комплексной оценки эффективности стратегий, обеспечивающие эффективное развитие фирм в условиях глобализации и роста конкуренции. Приведены деловые ситуации стратегического управления российскими фирмами и методология развития стратегического мышления на основе системы активного обучения - «Деловые учения по стратегическому менеджменту». Материал представлен в соответствии с Государственным образовательным стандартом высшего профессионального образования. Для подготовки студентов, магистров, аспирантов, обучающихся по направлению «Стратегический менеджмент», а также руководителей и менеджеров в системе повышения квалификации. 
606 1 |a Стратегический менеджмент  |2 stltpush  |3 (RuTPU)RU\TPU\subj\66055  |9 82290 
610 1 |a стратегический анализ 
610 1 |a прогнозирование 
610 1 |a стратегическое планирование 
610 1 |a социально-экономические процессы 
610 1 |a экономические оценки 
610 1 |a сетевые структуры 
610 1 |a учебники 
686 |a У9(2)212я73  |v LBC/SL-A  |2 rubbk 
700 1 |a Маленков  |b Ю.А.  |g Юрий Алексеевич 
801 1 |a RU  |b 63413507  |c 20101102 
801 2 |a RU  |b 63413507  |c 20150825  |g RCR 
942 |c BK 
959 |a 72/20101012  |d 1  |e 150,00  |f ЧЗГЛ:1 
959 |a 50/20120402  |d 10  |e 0,00  |f Ф_ТПУ_Новокузнецк:10